000 00649nam a22002057a 4500
005 20251108172744.0
008 250721s1999 xx 000 0 ara d
082 1 4 _a843/بلز
100 1 _aبلزاك، بلزاك
_eمؤلف
245 1 0 _aأسرار الأميرة دي كادينيان :
_bفاسينوكان /
264 1 _aدمشق :
_bمكتبة الأسد،
_c1999.
300 _a150ص
490 0 _a(روايات بلزاك ؛ 20)
650 1 7 _aالقصص الفرنسية
650 1 7 _aالروايات
650 1 7 _aالأدب المترجم
700 1 _aخوري، ميشيل
_eمترجم
942 _2ddc
_cBK
999 _c87700
_d87700